000 00987cam a2200301 i 4500
001 123066
005 20230404125641.0
008 160901s2007 mx r 000 0 spa d
020 _a9781921235344
020 _a1921235349
041 0 _aspa
050 1 4 _aCD F
100 1 _aGuevara, Ernesto,
_d1928-1967.
245 1 0 _aErnesto Che Guevara en las Naciones Unidas /
_cErnesto Che Guevara
246 3 0 _aEn las Naciones Unidas.
260 _aMéxico, D.F. :
_bOcean Sur,
_c2007
300 _a27 p. ;
_c22 cm.
440 0 _aColección lecturas para la reflexión. Ernesto Che Guevara.
500 _aDiscurso del Comandante Ernesto Guevara en la XIX Asamblea General de las Naciones Unidas, (11 de diciembre de 1964)
651 0 _aCuba
_xHistory
_y1959-
650 0 _aWorld politics
_y1955-1965.
650 0 _aCommunism
_zCuba.
651 4 _aCuba
_xHistoria
_y1959-
650 4 _aPolítica mundial
_y1955-1965.
650 4 _aComunismo
_zCuba.
942 _2lcc
_ccd
946 _aJaaM
999 _c1882
_d1882